00955 2200313 4500001002100000005001500021035002000036007000300056008004100059020002200100040002200122082001200144084001400156090002200170100003100192245011400223250002600337300004100363650001800404850001200422504003300434264003000467336002100497337003000518338002300548999002200571700002600593990002200619INLIS00000000087970220230704104231 a0010-0723000073ta220317s2023 yoia fr ind d a978-979-21-7485-4 aYOPDYOGbinderda04223a232 a232 DES m aCB-D.11 2023-11040 aDeshi RamadhaniePengarang10aMelacak sang tersalib :braga insani Yesus dalam geliat kekristenan /cDeshi Ramadhani; penyunting, Lius Kiik aCetakan pertama: 2023 axxiv, 230 halaman :bgambar ;c21 cm 4aYesus Kristus aYOPDYOG aBibliografi: halaman 225-23031aSleman :bKanisius,c2023 2rdacontentateks 2rdamediaatanpa perantara 2rdacarrieravolume aCB-D.11/2023-11040 aLius KiikePenyunting aCB-D.11/2023-1104